| 000 | 00462nam a2200181Ia 4500 | ||
|---|---|---|---|
| 008 | 180921t1985 xxu||||| |||| 00| 0 sin d | ||
| 041 | _asin | ||
| 080 |
_a613 _bJAY |
||
| 100 | _aJayathilake, K.G.P. | ||
| 245 | _aසෞඛ්ය විඥානය | ||
| 246 | _aSaukya Vignanaya | ||
| 260 |
_bGunasena _aColombo _c1985 |
||
| 300 | _a256p., ill., 20 cm | ||
| 650 | _aHealth | ||
| 942 | _cBK | ||
| 999 |
_c16019 _d16019 |
||
| 003 | LK-CoDNM | ||
| 040 |
_aLK-CoDNM _dLK-CoDNM _eLK-CoDNM |
||